Municipalities of Door County, Wisconsin - Statistics

General Stats
  • This quiz has been taken 8 times
  • The average score is 8 of 16
Answer Stats
Hint Answer % Correct
"E and H" Two words, it's a harbor with a food name first of the two words. Egg Harbor
86%
"B and H" Two words, this is also a harbor and it's a common girl name. Baileys Harbor
57%
"E" I don't know what to say about this so free answer: Ephraim (free answers 😔) Ephraim
57%
"G" A big city that is located on the Iberian Peninsula and is a British Overseas Territory. (the name of the municipality) Gibraltar
57%
"N" This is one of those native American names so sadly another free answer.😔 - Nasewaupee Nasewaupee
57%
"S" I also don't know what to say about this so here. - Sevastopol Sevastopol
57%
"U" European _ _ _ _ _ (blank part is the word) Union
57%
"W" A common U.S president last name and it's used in many cities/towns/villages names. Washington
57%
"B" It's the first word of a vegetable that is kind of like a head of lettuce and it's plural to that. Brussels
43%
"F" A town of forests. ;D Forestville
43%
"S and B" Sisters by a _ _ _ Sister Bay
43%
"S and B" Two words, the main place of Door County. Sturgeon Bay
43%
"C and B" Two words, you can take clay to the bank. (I didn't know anything for this one) Clay Banks
29%
"G" If you have a green and work on it a lot. So they are called a _ _ _ _ _ _ _ Gardner
29%
"J" It's as if you mix the capital of Mississippi and a port town together. Jacksonport
29%
"L and G" A libertatis olive grove. (put some of the words together) Liberty Grove
29%
No matching quizzes found
Score Distribution
Percent of People with Each Score
Percentile by Number Answered
Your Score History
You have not taken this quiz